000 00314 a2200157 4500
001 183131
020 _a85-7308-180-5
040 _cMagnum
100 _aCouto, Ozório
240 1 0 _aAmor gerais
_lpor
245 1 0 _aAmor gerais
300 _a216
362 0 _a1997
697 _aLITERATURA GERAL
942 _cBK
999 _c183131
_d183131